000 01624nam a2200313 a 4500
001 001181253
003 AM-YeHGA
005 20250618074612.0
008 150831s2016 ai a|||gr|||||000|0|arm|d
020 _a9789939661629
040 _aAM-YeHGA
041 1 _aarm
_heng
100 1 _aՄաքդոնալդ, Ֆիոնա
245 1 0 _aԱռասպելներ ու լեգենդներ :
_b[Նախագծեր; Հարցեր; Զարմանալի փաստեր; Զվարճալի նկարներ] : Թարգմանություն անգլերենից /
_cՖ. Մաքդոնալդ ; Ծրագրի պատասխանատու՝ Հ.Մեդոյան ; Խորհրդատու՝ Ռ. Մեթյուզ ; Թարգմանիչ՝ Շ. Ալեքսանյան ; Գեղ. խմբագիր՝ Հ. Այվազյան.
260 _aԵրևան :
_bԲուկինիստ
_bMiles Kelly,
_c2016.
300 _a48 էջ :
_bգունանկ. ;
_c30 սմ.
490 1 _a100 փաստ
500 _aԳիրքը պատմում է առասպելական հրեշների, կենդանիների, հերոսների մասին
504 _aԱնվանացանկ՝ էջ 48
650 1 4 _aԱռասպելներ
650 1 4 _aԼեգենդներ
_98496
650 1 4 _aԳիտա-հանրամատչելի գրականություն
_91146
700 1 _aՄեդոյան, Հեղինե
_eծրագրի պատասխանատու
_4org
700 1 _aԱլեքսանյան, Շուշան
_eթարգմանիչ
_4trl
700 1 _aՄեթյուզ, Ռուպերտ
_eխորհրդատու
_4csl
700 1 _aԱյվազյան, Հովհաննես
_eխմբագիր
_4edt
_93088
830 0 _a100 փաստ
090 _c378323
999 _c376413
_d376413